000 00326nam a2200133Ia 4500
008 191201s2010 xx 000 0 und d
100 _aGEIGER, R.L.
245 0 _aVLSI Design Techniques for Analog and Digital Circuits
250 _arep
260 _c2010
_bTMH
_aN. Delhi
300 _a969
650 _aECE
942 _2ddc
_cBB
999 _c7402
_d7402